Daniel y los leones dorados
Gespeichert in:
| 1. Verfasser: | |
|---|---|
| Format: | Buch |
| Sprache: | Spanisch |
| Veröffentlicht: |
Santiago
Del Pacífico
1962
|
| Ausgabe: | 4a. ed |
| Schlagworte: | |
| Tags: |
Tag hinzufügen
Keine Tags, Fügen Sie den ersten Tag hinzu!
|
MARC
| LEADER | 00000nam a2200000 a 4500 | ||
|---|---|---|---|
| 001 | UCQ4746 | ||
| 003 | CL-VaPUC | ||
| 008 | 980910e19620000CL |||||||||||||||||spa|d | ||
| 082 | 0 | 4 | |a Ch863 |b VEG |2 21 |
| 100 | 0 | |a Vergara, José Manuel |e author |9 418947 | |
| 245 | 1 | 0 | |a Daniel y los leones dorados |
| 250 | |a 4a. ed | ||
| 300 | |a 205 p | ||
| 942 | |c BK | ||
| 945 | |d 19980910 00:00:00 |a lriquelm | ||
| 260 | |a Santiago |b Del Pacífico |c 1962 | ||
| 650 | 0 | |a Novelas chilenas |9 265425 | |
| 650 | 0 | |a Literatura chilena |9 308278 | |
| 583 | |a last modification |c 19980910 00:00:00 |k Rodrigo Vera | ||
| 999 | |c 275048 |d 275046 | ||
| 952 | |0 0 |1 0 |4 0 |6 CH_863_000000000000000_VEG_1962 |7 0 |8 A |9 311574 |a BIBEDU |b BIBEDU |d 2019-11-20 |i 3234207 |o Ch863 VEG 1962 |p 3234207 |r 2019-11-20 |w 2019-11-20 |y BK |k LIT | ||